000 01085cam a22002054a 4500
005 20250605164019.0
008 250528s ||||||||||||||||||||||||d
035 _a16290
020 _a136586160
040 _aGR-AtMCL
_bgre
_dGR-AtMCL
_eAACR2
245 1 _aPerfect Your English / The Easy Way
250 _a1st
260 _bPrentice Hall International,
_c1990
300 _a334
520 _aThis book is for executives, company staff, private students and other busy learners who already know English well, but have no time to attend course or consult different books to find the answers to their questions. Preface, Perfect Your Grammar, Perfect Your Punctuation, Perfect Your Prepositions, Perfect Your Spelling, Perfect Your Correspondence, Perfect Your Universal English (British English/ American English), Perfect Your Pronunciation and Stress, Which is the Two?, Perfect Your Idioms, Perfect Your Conversation, Perfect Your Vocabulary, International Mistake Museum, Word Index.
700 1 _aÎ’allin W.H
_92375
942 _cBK
999 _c1807
_d1807